| 000 | 00765nam a22002417a 4500 | ||
|---|---|---|---|
| 005 | 20140310183633.0 | ||
| 008 | 131122b xxu||||| |||| 00| 0 eng d | ||
| 020 | _a9781455705511 | ||
| 050 |
_aRT 71 _b.T253 2012 |
||
| 245 |
_aTeaching in nursing : _ba guide for faculty / _cedited by Diane M. Billings, Judith A. Halstead. |
||
| 250 | _a4th ed. | ||
| 260 |
_aSt. Louis, Mo. : _bElsevier/Saunders, _c2012. |
||
| 300 |
_a573 p. : _c25 cm. |
||
| 504 | _aIncludes Bibliographic References and Index. | ||
| 521 | _aNUR | ||
| 650 |
_aEducation, Nursing _xmethods |
||
| 650 | _aFaculty, Nursing | ||
| 650 |
_aTeaching _xmethods |
||
| 700 |
_aBillings, Diane M. _eeditor |
||
| 700 |
_aHalstead, Judith A. _eeditor |
||
| 942 |
_2lcc _cBK _kFOR |
||
| 999 |
_c25647 _d25647 |
||